Datum a čas kvízu
36.5
Celkem bodů
Celkový počet nahraných bodů na tomto kvízu bez doplňovacích otázek.
1.
Pořadí na kvízu
Konečné umístění týmu na tomto kvízu.
Zaznamenané odpovědi
| # | Otázka | Odpověď | Body | Výsledky |
|---|---|---|---|---|
| 1. | Zuzana Majerová z hnutí Trikol... | Rychlé šípy | 0 | |
| 2. | Letadlo na lince z Paříže do k... | usnul | 0 | |
| 3. | V noci z neděle na pondělí min... | Adolescent (Adolescence) | 1 | |
| 4. | Společnost China Eastern Airli... | Buenos Aires | 0 | |
| 5. | Českému hokejistovi Jakubu Lau... | Michigan | 0 | |
| 6. | Ve spolupráci s Radou Evropy j... | 1D 2A 3B 4C | 1 | |
| 7. | Pokud vám prozradíme, že červe... | július | 1 | |
| 8. | Jak se na V jmenuje autonomní... | Vojvodina | 0 | |
| 9. | Která z těchto knih nebyla nap... | B | 1 | |
| 10. | Pozoruhodným jazykem je velšti... | slunéčko (beruška) | 0 |